| 000 | 00739nam a2200241 4500 | ||
|---|---|---|---|
| 001 | 6011 | ||
| 010 | _a9789898232397 | ||
| 021 | _b293926/09 | ||
| 090 | _a6011 | ||
| 100 | _a20250924d2010 d y0pory5003 ba | ||
| 200 | 1 |
_aEFGH... _ealguma bicharada até ao Z _fOctaviano Correia _gil. Raúl António Santos Pestana |
|
| 205 | _a2a ed | ||
| 210 |
_aVila Nova de Gaia _c7 Dias 6 Noites _d2010 |
||
| 215 |
_a[36] p. _cil. |
||
| 606 |
_914 _aLiteratura infantil |
||
| 606 |
_915 _aLiteratura Portuguesa |
||
| 675 |
_a82-93 _vBN _zpor |
||
| 675 |
_a821.134.3 _vBN _zpor |
||
| 700 |
_aCorreia _bOctaviano _f1940- _95693 |
||
| 702 |
_aPestana _bRaúl António Santos _f1964- _95694 |
||
| 801 | 0 |
_aPT _bBEN2VN _gRPC |
|
| 830 |
_cTânia Croca _d24/09/2025 |
||
| 990 | _cLIVROS | ||